| 000 | 00701cam a2200241 4500500 | ||
|---|---|---|---|
| 005 | 20260329004828.0 | ||
| 041 | _afre | ||
| 042 | _adc | ||
| 100 | 1 | 0 |
_aMorel, François _eauthor |
| 245 | 0 | 0 | _aConseil n° 8. Soignez la carte de vos restaurants clandestins |
| 260 | _c2021. | ||
| 500 | _a77 | ||
| 690 | _aAutrui | ||
| 690 | _aCovid | ||
| 690 | _aCovid-19 | ||
| 690 | _aFrançois Morel | ||
| 690 | _aHumour | ||
| 690 | _aNourriture | ||
| 690 | _aPandémie | ||
| 690 | _aRestaurant | ||
| 786 | 0 | _nPhilosophie magazine | 149 | 5 | 2021-05-01 | p. 101-102 | 1951-1787 | |
| 856 | 4 | 1 | _uhttps://shs.cairn.info/magazine-philosophie-magazine-2021-5-page-101?lang=fr&redirect-ssocas=7080 |
| 999 |
_c1837720 _d1837720 |
||